000 00638nam a2200229Ia 4500
003 OSt
005 20220925224917.0
006 a|||||r|||| 00| 0
007 ta
008 220923b |||||||| |||| 00| 0 eng d
037 _cGeneral Book
040 _aRTL
_cRTL
_beng
041 _2eng
_aeng
082 _aYxN29B:g, N1
100 _aGane Mike
_920411
245 0 _aBaudrillard
_b Critical and fatal theory.
260 _aLondon
_bRoutledge Published
_c1991
300 _aviii,243p
_ccm.
500 _aBibliography : P 229-238
942 _hYxN29B:g, N1
_cGB
_2CC
999 _c582558
_d582558